| 000 | 00618 a2200229 4500 | ||
|---|---|---|---|
| 260 | _aParis | ||
| 100 | _aPHILLIPSON, J. | ||
| 260 | _bUNESCO | ||
| 245 | _aMéthodes of study in soil ecology : Méthodes d'étude de l'écologie du sol | ||
| 300 | _a303 p. | ||
| 650 | _a<Sols><Ecologie> | ||
| 260 | _c1970 | ||
| 300 | _bfig. ; 28 cm | ||
| 130 | _lFr. | ||
| 035 | _a1955 | ||
| 035 | _a3508 | ||
| 440 | _a(ecologie et concervation, 2) | ||
| 500 | _aTexte sur deux colonnes en anglais et en français. -Bibliographie à la fin des chapitres | ||
| 999 |
_c11535 _d11535 |
||